Medium Term Expenditure Framework (MTEF) For 2015-2017 Programme Based Budget Estimates For 2015 Ministry Of Water Resources, Works And Housing (MWRWH) (Record no. 5105)

MARC details
000 -LEADER
fixed length control field 00651nam a22001697a 4500
003 - CONTROL NUMBER IDENTIFIER
control field OSt
005 - DATE AND TIME OF LATEST TRANSACTION
control field 20250228120411.0
008 - FIXED-LENGTH DATA ELEMENTS--GENERAL INFORMATION
fixed length control field 250228b |||||||| |||| 00| 0 eng d
041 ## - LANGUAGE CODE
Language code of text/sound track or separate title English
082 ## - DEWEY DECIMAL CLASSIFICATION NUMBER
Classification number MTEF/MWRWH/15 Acc. No. 1408
110 ## - MAIN ENTRY--CORPORATE NAME
Corporate name or jurisdiction name as entry element Ministry Of Finance
245 ## - TITLE STATEMENT
Title Medium Term Expenditure Framework (MTEF) For 2015-2017 Programme Based Budget Estimates For 2015 Ministry Of Water Resources, Works And Housing (MWRWH)
260 ## - PUBLICATION, DISTRIBUTION, ETC.
Place of publication, distribution, etc. Accra
Name of publisher, distributor, etc. Parliament Of Ghana
Date of publication, distribution, etc. 2015
300 ## - PHYSICAL DESCRIPTION
Extent 110P; Tabs
650 ## - SUBJECT ADDED ENTRY--TOPICAL TERM
Source of heading or term 2015-2017 Programme Based Budget Estimates For 2015 Ministry Of Water Resources, Works And Housing (MWRWH)
942 ## - ADDED ENTRY ELEMENTS (KOHA)
Source of classification or shelving scheme Dewey Decimal Classification
Koha item type Budget Estimates
Suppress in OPAC No
Holdings
Withdrawn status Lost status Source of classification or shelving scheme Damaged status Not for loan Home library Current library Shelving location Date acquired Total checkouts Full call number Date last seen Copy number Price effective from Koha item type
    Dewey Decimal Classification     Main Library Main Library Open Shelves 28/02/2025   MTEF/MWRWH/15 Acc. No. 1408 28/02/2025 1 28/02/2025 Budget Estimates
©2026  Parliament of Ghana Library - All rights reserved